• 首页
  • 本馆介绍
  • 公告通知
  • 最新文献
  • 馆藏检索
  • 电子资源
  • 读者导购
  • 参考咨询
  • 我的图书馆
  • 登录
  • 详细信息显示
  • 放入我的书架
  • 预约/预借图书
  • 作者相关作品
  • 分类相关作品
  • 丛书相关作品
  • 出版社相关作品

书目信息

  • 表格格式
  • 工作单格式
  • 卡片格式
题名:
番石榴叶活性多酚组分快速鉴别及发酵释放与转化机制
    
 
作者: 王露 , 胡晓苹 著
分册:  
出版信息: 北京   中国原子能出版社  2020.10
页数: 144页
开本: 26cm
丛书名:
单 册:
中图分类: S667.909
科图分类:
主题词: 番石榴--fan shi liu--生物活性--研究
电子资源:
ISBN: 978-7-5221-0971-8
000 01252nam0 2200253 450
001 CAL 0120217327010
005 20230217093113.0
010    @a978-7-5221-0971-8@dCNY52.00
100    @a20211207d2020 em y0chiy0120 ea
101 0  @achi
102    @aCN@b110000
105    @aak a 000yy
106    @ar
200 1  @a番石榴叶活性多酚组分快速鉴别及发酵释放与转化机制@Afan shi liu ye huo xing duo fen zu fen kuai su jian bie ji fa jiao shi fang yu zhuan hua ji zhi@f王露, 胡晓苹著
210    @a北京@c中国原子能出版社@d2020.10
215    @a144页@c图@d26cm
320    @a有书目 (第125-144页)
330    @a本书利用HPLC指纹图谱技术, 成功实现了番石榴叶原料的质量评估 ; 构建了天然产物复杂提取液体系下抗氧化以及降血糖活性成分高效鉴别方法, 明确番石榴叶潜在的抗氧化以及降血糖核心功效成分 ; 并筛选出相容性较好的优良菌株, 构建番石榴叶高效共发酵体系, 促进番石榴叶多酚类释放与苷元类定向生物转化, 提高了番石榴叶黄酮组分质量稳定性以及核心功效成分利用率, 并初步阐明了多酚释放与黄酮苷元定向转化的酶学作用机制 ; 找到了番石榴叶发酵度控制的关键因子。
606 0  @a番石榴@Afan shi liu@x生物活性@x研究
690    @aS667.909@v5
701  0 @a王露@Awang lu@4著
701  0 @a胡晓苹@Ahu xiao ping@4著
801  0 @aCN@bBJXHZP@c20230228
905    @b1408256-9@dS667.909@e717@f4
    
    番石榴叶活性多酚组分快速鉴别及发酵释放与转化机制/王露, 胡晓苹著.-北京:中国原子能出版社,2020.10
    144页:图;26cm
    
    
    ISBN 978-7-5221-0971-8:CNY52.00
    本书利用HPLC指纹图谱技术, 成功实现了番石榴叶原料的质量评估 ; 构建了天然产物复杂提取液体系下抗氧化以及降血糖活性成分高效鉴别方法, 明确番石榴叶潜在的抗氧化以及降血糖核心功效成分 ; 并筛选出相容性较好的优良菌株, 构建番石榴叶高效共发酵体系, 促进番石榴叶多酚类释放与苷元类定向生物转化, 提高了番石榴叶黄酮组分质量稳定性以及核心功效成分利用率, 并初步阐明了多酚释放与黄酮苷元定向转化的酶学作用机制 ; 找到了番石榴叶发酵度控制的关键因子。
●
相关链接 在E读中查询图书 在五车中查询图书 在当当中查询图书 在豆瓣中查询图书


正题名:番石榴叶活性多酚组分快速鉴别及发酵释放与转化机制     索取号:S667.909/717         预约/预借

序号 登录号 条形码 馆藏地/架位号 状态 备注
1 1408256   214082561   第二样本阅览室/ [索取号:S667.909/717] 在馆    
2 1408257   214082570   第三借阅区/ [索取号:S667.909/717] 在馆    
3 1408258   214082589   第三借阅区/ [索取号:S667.909/717] 在馆    
4 1408259   214082598   第三借阅区/ [索取号:S667.909/717] 在馆    
唐山师范学院图书馆 欢迎您!
大连网信软件有限公司© 版权所有